00750cam a22002531 45000010005000000030008000050050017000130080039000300350018000690350019000870400035001060410008001410820021001491100037001702450061002072600019002683000025002875040028003125200019003405260014003596500062003736500031004356500030004665441BD-RjUL20211208234051.0131226s1962 enkb 001 0 eng a(BD-RjUL)5477 a(OCoLC)3421796 aDLCcABAUdOCoLCdUkdDLCbeng aeng a338.91bREG 19622 aPolitical and Economic Planning.10aRegional development in the European Economic Community. aLondon :c1962 a95 p.bmaps.c19 cm. aBibliography: p. 86-90. aIncludes index bEconomics 0aRegional planningzEuropean Economic Community countries. 0aRegional planningzFrance. 0aRegional planningzItaly.